Tafsir Pimpinan Ar-Rahman Kepada Pengertian Al-Qur'an (Record no. 850)

000 -LEADER
fixed length control field nam a22 a 4500
005 - DATE AND TIME OF LATEST TRANSACTION
control field 20170505144716.0
008 - FIXED-LENGTH DATA ELEMENTS--GENERAL INFORMATION
fixed length control field 170505b1968 my ||||| |||| 00| 0 mei d
040 ## - CATALOGING SOURCE
Original cataloging agency AKMAL
082 ## - DEWEY DECIMAL CLASSIFICATION NUMBER
Classification number 297.122 QUR
090 ## - LOCALLY ASSIGNED LC-TYPE CALL NUMBER (OCLC); LOCAL CALL NUMBER (RLIN)
Classification number (OCLC) (R) ; Classification number, CALL (RLIN) (NR) 297.122
Local cutter number (OCLC) ; Book number/undivided call number, CALL (RLIN) QUR
245 ## - TITLE STATEMENT
Title Tafsir Pimpinan Ar-Rahman Kepada Pengertian Al-Qur'an
Statement of responsibility, etc. Bahagian Hal Ehwal Islam Jabatan Perdana Menteri
260 ## - PUBLICATION, DISTRIBUTION, ETC.
Place of publication, distribution, etc. Kuala Lumpur
Name of publisher, distributor, etc. Bahagian Hal Ehwal Islam Jabatan Perdana Menteri
Date of publication, distribution, etc. 1968
300 ## - PHYSICAL DESCRIPTION
Extent 1756 ms
Dimensions cm
942 ## - ADDED ENTRY ELEMENTS (KOHA)
Source of classification or shelving scheme
Koha item type Book
Holdings
Withdrawn status Lost status Source of classification or shelving scheme Damaged status Not for loan Collection code Home library Current library Shelving location Date acquired Inventory number Total Checkouts Full call number Barcode Date last seen Price effective from Koha item type
          NON-FICTION AKMAL Melaka AKMAL Melaka PINJAMAN 05.05.2017 200110   297.122 QUR 201701878 05.05.2017 05.05.2017 Book
Pusat Sumber Maklumat Dato' Haji Sarmin Md Hussin, Akademi Kastam Diraja Malaysia, Melaka
Tel: 06-2331106 | Faks: 06-2313787